Statystyki dla Wszyscy operatorzy Tom Clancy's Rainbow Six Siege

Kliknij tutaj aby rozwiązać quiz!

Ogólne statystyki

  • Ten quiz został rozwiązany 510 razy
    (261 od ostatniego zresetowania)
  • Średni wynik to 44 z 63

Statystyki odpowiedzi

Obrona/AtakJednostkaOperator% Poprawnych
AtakFBI SWATash
92%
ObronaGROMela
90%
ObronaSASsmoke
89%
ObronaGIGNdoc
88%
ObronaSASmute
88%
AtakGROMzofia
88%
ObronaSPECNAZkapkan
87%
ObronaGIGNrook
87%
AtakSPECNAZfuze
85%
AtakSASsledge
84%
ObronaFBI SWATpulse
83%
ObronaGSG 9bandit
82%
ObronaFBI SWATcastle
82%
ObronaGSG 9jager
82%
AtakGIGNtwitch
81%
AtakGSG 9blitz
80%
AtakSPECNAZglaz
80%
ObronaSPECNAZtachanka
80%
ObronaJTF2frost
79%
AtakGSG 9iq
79%
AtakFBI SWATthermite
79%
AtakGIGNmontagne
78%
AtakSASthatcher
76%
AtakNAVY SEALblackbeard
75%
ObronaNAVY SEALvalkyrie
75%
ObronaBOPEcaveira
73%
AtakGEOjackal
73%
AtakNIGHTHAVENkali
72%
AtakCBRNlion
72%
Obrona707th SMBvigil
72%
AtakJTF2buck
71%
AtakBOPEcapitao
71%
AtakCBRNfinka
70%
ObronaGEOmira
69%
AtakS.A.T.hibana
68%
ObronaGSUTRclash
67%
Atak707th SMBdokkaebi
67%
ObronaGISalibi
66%
ObronaS.A.T.echo
65%
ObronaGIGRkaid
65%
ObronaSECRET SERVICEwarden
65%
ObronaGISmaestro
64%
ObronaSDUlesion
63%
AtakNIGHTHAVENosa
63%
AtakJAEGER CORPSnokk
62%
AtakAPCAamaru
61%
Obrona/Atak-rekrut
61%
AtakNIGHTHAVENace
60%
ObronaSASRmozzie
59%
AtakGIGRnomad
58%
ObronaNIGHTHAVENwamai
58%
AtakREUiana
57%
AtakSDUying
57%
AtakSASRgridlock
56%
AtakGSUTRmaverick
56%
ObronaNIEZRZESZONYoryx
54%
ObronaNIGHTHAVENaruni
53%
AtakNIEZRZESZONYflores
52%
AtakROSzero
52%
ObronaNIEZRZESZONAthunderbird
50%
ObronaFUERZAS ESPECIALESgoyo
48%
ObronaITFmelusi
48%
ObronaGARDA SÍOCHÁNAthorn
48%

Rozkład punktacji

Percentyl według liczby udzielonych odpowiedzi

Procent ludzi z każdym wynikiem

Twoja historia wyników

Nie rozwiązałeś tego quizu od ostatniego zresetowania